000 00522nam a22002057a 4500
003 OSt
005 20140310181754.0
008 130628t xxu||||| |||| 00| 0 eng d
020 _a9718845143
050 _aPL 5531
_b.J83 2003
082 _aFIL 899.21
_bJ77 2003
100 _aJose, F. Sionil
245 _aTree /
_cF. Sionil Jose.
260 _aManila, Phil :
_bSolidaridad Publishing House,
_c2003..
300 _a135 p. :
_c22 cm.
562 _e1
650 _aLiterature
942 _2lcc
_cBK
999 _c3352
_d3352